Liderzy danych partii 2024 w sejmie - Statystyki

Ogólne statystyki
  • Ten quiz został rozwiązany 118 razy
  • Średni wynik to 6 z 7
Statystyki odpowiedzi
Hint Odpowiedź % Poprawnych
PO Donald Tusk
99%
PiS Jarosław Kaczyński
97%
Polska 2050 Szymon Hołownia
97%
Kukiz '15 Paweł Kukiz
80%
PSL Władysław Kosiniak-Kamysz
78%
Konfederacja Krzysztof Bosak
76%
Lewica Robert Biedroń
73%
Nie znaleziono quizów pasujących do podanych kryteriów
Rozkład punktacji
Procent ludzi z każdym wynikiem
Percentyl według liczby udzielonych odpowiedzi
Twoja historia wyników
Nie rozwiązałeś tego quizu